Suffolk Places - Sudden Death - Statistics

General Stats
  • This quiz has been taken 40 times
  • The average score is 11 of 16
Answers on the Grid
Answers color-coded by a green-red scale on the quiz's grid according to % correct below.
Aldeburgh
Aylesbury
Beccles
Blandford Forum
Brixham
Bungay
Bury St. Edmunds
Cambridge
Colchester
Felixstowe
Framlingham
Halesworth
Hartlepool
Haverhill
Ipswich
Keswick
Lancaster
Lowestoft
Minehead
Newmarket
Norwich
Peterborough
Saxmundham
Scarborough
Sittingbourne
Skegness
Southport
Southwold
Stowmarket
Sudbury
Watford
Woodbridge
 
Answer Stats
Answer % Correct
Bury St. Edmunds
85%
Ipswich
85%
Felixstowe
76%
Sudbury
76%
Lowestoft
74%
Stowmarket
74%
Newmarket
71%
Southwold
71%
Framlingham
68%
Saxmundham
68%
Woodbridge
68%
Aldeburgh
65%
Haverhill
65%
Beccles
59%
Bungay
59%
Halesworth
53%
No matching quizzes found
Score Distribution
Percent of People with Each Score
Percentile by Number Answered
Your Score History
You have not taken this quiz